Bienvenue à la Médiathèque de Saint-Andiol
banniere
Accueil Recherche avancée Mon compte
handi1 Rechercher dans le catalogue

Filtre   Mots-clés
  Recherche avancée
 
Lister les dernières nouveautés
 
Lister les livres GROS CARACTERES
 
Lister les périodiques (magazines)

handi1 Elysée (L')

Histoire, secrets, mystères

Book Cover
Auteur principal : Patrice Duhamel
Autres auteurs : Jacques Santamaria
Titre : Elysée (L')
Support : Livres
Langue : Francais
Publié : 2017 Plon Paris
Genre : Documentaire
Sujets :
Étiquettes :
Pas de tags
LEADER 02398nam0a2200265 450
001 16844664
010 |a 978-2-259-24900-3  |b br.  |d 22,5 € 
100 |a 20171230d2017 u u0frey01 ba 
101 0 |a fre 
102 |a FR 
200 0 |a Elysée (L')  |e Histoire, secrets, mystères  |f Patrice Duhamel, Jacques Santamaria 
205 |a Nouvelle éd., mise à jour, enrichie et illustrée 
207 1 |a   
210 |a Paris  |b 8 rue Garancière.  |c Plon  |d 2017 
215 |a 1 vol. (574 p.-[24] p. de pl.)  |c ill. en coul.  |d 23 cm 
300 |a Bibliogr. p. 565-568 
330 |a Cinq ans après leur premier livre consacré à l'Elysée, Patrice Duhamel et Jacques Santamaria sont retournés explorer le premier des palais de la République. Avec l'envie d'en savoir plus sur les secrets et mystères que protègent ces murs trois fois centenaires, de découvrir des aspects inédits de la vie du Palais à toutes les époques, et aussi d'enquêter sur la dernière décennie, qui a vu deux présidents de la génération d'après guerre se succéder à la tête de l'Etat. Au fil du temps et de leur investigation, vous saurez ainsi pourquoi le général de Gaulle a quitté l'Elysée de la même manière que Napoléon ; comment Louis Napoléon Bonaparte, Adolphe Thiers et François Mitterrand y ont abrité leur double vie ; quels secrets d'Etat Valéry Giscard d'Estaing a transmis à François Mitterrand le jour de la passation de pouvoirs ; quel est le point commun entre les présidents Doumergue et Sarkozy ; ce que contenaient les violents SMS que deux ministres se sont échangés en plein Conseil dans le Salon Murat ; pour quelles raisons François Hollande a annulé au dernier moment un dîner d'Etat au risque de provoquer une rupture diplomatique ; comment les Premières dames successives ont vécu leur passage à l'Elysée... Les réponses à ces questions, et à bien d'autres, font ainsi apparaître, sous un jour original et souvent inattendu, le palais présidentiel, que les Français sont de plus en plus nombreux à visiter chaque année. 
606 0 |a Présidents  |x Anecdotes  |y France 
607 |a Paris (France)  |x Palais de l'Elysée 
676 |a 324 
700 0 |a Duhamel  |b Patrice  |f 1945-....  |4 70 
701 0 |a Santamaria  |b Jacques  |4 70 
900 |a Documentaire 
901 |a Adultes 
995 |a Médiathèque  |c Médiathèque  |f 089015798  |h 089015798  |k 324 DUH  |o p  |q a  |r az  |e Médiathèque